01602pam a2200193 a 4500020002200000082001500022245017900037260003800216300003300254500005500287505081900342526003701161650004301198650003701241650003501278650000801313700002201321710006501343 a0803109326 (pbk.)00a693.1bCLE00aCleaning stone and masonry :ba symposium sponsored by ASTM Committee E-6 on Performance of Building Constructions, Louisville, KY, 18 April 1983 /cJames R. Clifton, editor. aPhiladelphia, PA :bASTM,cc1986. aix, 176 p. :bill. ;c23 cm. a"ASTM publication code number (PCN) 04-935000-10."0 aIntroduction -- Cleaning efflorescences from masonry / K. Lal Gauri, George C. Holdren, and Willard C. Vaughan -- Performance tests for graffiti removers / James R. Clifton and McClure Godette -- Masonry cleaning: the state of the art / David W. Boyer -- Criteria for selection of a most appropriate cleaning method / Larry D. Jones -- Chemical cleaning of historic structures: a practical approach / Thomas H. Rudder -- Cleaning the masonry interiors of public buildings / J. Walter Roth -- Cleaning and waterproofing of historic masonry buildings / Robert C. Mack -- A case study of the cleaning and conservation of marble at the Schenectady, New York, City Hall / John G. Waite and Roger J. Cheng -- A macrostereogrammetric technique for measuring surface erosion losses on stone / Erhard M. Winkler -- Summary. a0b0c0d693_100000000000000_CLE 0aBuilding stonesxCleaningxCongresses. 0aBuildingsxCleaningxCongresses. 0aMasonryxCleaningxCongresses. 0aMCE1 aClifton, James R.2 aASTM Committee E-6 on Performance of Building Constructions.